00248nam a2200097Ia 4500082001200000245002300012100004800035942000700083008004100090999001900131 aAF BERG 0aPlek van die poue  a BERGH, Rene Pretoria, 1993 962935 cBK210817s9999 xx 000 0 und d c373519d373518